LEADER 03461nam 22007695 450 001 9910631089403321 005 20251225200643.0 010 $a9783031192081 010 $a3031192087 024 7 $a10.1007/978-3-031-19208-1 035 $a(MiAaPQ)EBC7141568 035 $a(Au-PeEL)EBL7141568 035 $a(CKB)25360914800041 035 $a(OCoLC)1351195730 035 $a(PPN)266348319 035 $a(BIP)86420219 035 $a(BIP)85653480 035 $a(DE-He213)978-3-031-19208-1 035 $a(EXLCZ)9925360914800041 100 $a20221107d2022 u| 0 101 0 $aeng 135 $aurcnu|||||||| 181 $ctxt$2rdacontent 182 $cc$2rdamedia 183 $acr$2rdacarrier 200 10$aWireless Algorithms, Systems, and Applications $e17th International Conference, WASA 2022, Dalian, China, November 24?26, 2022, Proceedings, Part I /$fedited by Lei Wang, Michael Segal, Jenhui Chen, Tie Qiu 205 $a1st ed. 2022. 210 1$aCham :$cSpringer Nature Switzerland :$cImprint: Springer,$d2022. 215 $a1 online resource (687 pages) 225 1 $aLecture Notes in Computer Science,$x1611-3349 ;$v13471 311 08$aPrint version: Wang, Lei Wireless Algorithms, Systems, and Applications Cham : Springer,c2022 9783031192074 320 $aIncludes bibliographical references and index. 327 $aCyber-physical systems including intelligent transportation systems and smart healthcare systems -- Security and privacy -- Topology control and coverage -- Energy-efficient algorithms, systems and protocol design. 330 $aThe three-volume set constitutes the proceedings of the 17th International Conference on Wireless Algorithms, Systems, and Applications, WASA 2022, which was held during November 24th-26th, 2022. The conference took place in Dalian, China. The 95 full and 62 short papers presented in these proceedings were carefully reviewed and selected from 265 submissions. The contributions in cyber-physical systems including intelligent transportation systems and smart healthcare systems; security and privacy; topology control and coverage; energy-efficient algorithms, systems and protocol design. 410 0$aLecture Notes in Computer Science,$x1611-3349 ;$v13471 606 $aWireless communication systems 606 $aMobile communication systems 606 $aArtificial intelligence 606 $aApplication software 606 $aComputers 606 $aComputer networks 606 $aWireless and Mobile Communication 606 $aArtificial Intelligence 606 $aComputer and Information Systems Applications 606 $aComputing Milieux 606 $aComputer Communication Networks 615 0$aWireless communication systems. 615 0$aMobile communication systems. 615 0$aArtificial intelligence. 615 0$aApplication software. 615 0$aComputers. 615 0$aComputer networks. 615 14$aWireless and Mobile Communication. 615 24$aArtificial Intelligence. 615 24$aComputer and Information Systems Applications. 615 24$aComputing Milieux. 615 24$aComputer Communication Networks. 676 $a002 676 $a004.6 702 $aWang$b Lei 801 0$bMiAaPQ 801 1$bMiAaPQ 801 2$bMiAaPQ 906 $aBOOK 912 $a9910631089403321 996 $aWireless Algorithms, Systems, and Applications$9771859 997 $aUNINA